[Event "Peer Gynt"]
[Site "Gausdal"]
[Date "1991.??.??"]
[Round "2"]
[White "Shantharam, KV."]
[Black "Kaidanov, Grigory S"]
[Result "0-1"]
[WhiteElo "2310"]
[BlackElo "2555"]

1.Nf3 d5 2.c4 e6 3.g3 dxc4 4.Qa4+ Nd7 5.Qxc4 a6 6.Bg2 b5 7.Qc2 Bb7 8.O-O Ngf6
9.Nc3 c5 10.d3 Be7 11.b3 O-O 12.Bb2 Qb6 13.Rac1 Rac8 14.e3 Qa7 15.Qe2 Qa8
16.Ne1 Bxg2 17.Nxg2 Rfd8 18.f4 Nb6 19.Nd1 Nbd5 20.Nf2 Nb4 21.a3 Nc6 22.Bxf6 gxf6
23.Qg4+ Kh8 24.Qh5 Kg8 25.Qg4+ Kh8 26.Qh5 Kg8 27.Ng4 Rxd3 28.Nh6+ Kg7 29.Qxf7+ Kxh6
30.g4 Rf8 31.g5+ fxg5 32.fxg5+ Bxg5 33.Qxf8+ Qxf8 34.Rxf8 Nd4 35.Rxc5 Be7
36.exd4 Bxf8 37.Rc6 Bxa3 38.Rxe6+ Kg5 39.Rxa6 Bb2 40.Rd6 Kg4 41.Ne1 Rd2 42.Kf1 Bxd4
43.Nc2 Rf2+ 44.Ke1 Bc5 45.Rd2 Rxd2 46.Kxd2 b4 47.Kd3 h5 48.Kc4 Bd6 49.Nxb4 Bxh2
50.Nd3 Bg3 51.Kd4 Kf3 52.b4 h4 53.b5 h3 54.b6 h2 55.Ne5+ Bxe5+  0-1

[Event "Gausdal Int"]
[Site "Gausdal"]
[Date "1991.??.??"]
[Round "3"]
[White "Kochyev, Alexander"]
[Black "Yakovich, Yuri"]
[Result "1/2-1/2"]
[WhiteElo "2485"]
[BlackElo "2560"]

1.Nf3 d5 2.c4 dxc4 3.e3 Nf6 4.Bxc4 e6 5.d4 a6 6.a4 c5 7.O-O Nc6 8.dxc5 Bxc5
9.Qe2 O-O 10.Nc3 Qc7 11.Bd3 Bd7 12.b3 Nb4 13.Bb1 Bc6 14.Bb2 Rac8 15.Na2 Nbd5
16.g3 Rfd8 17.e4 Ne7 18.b4 Bb6  1/2-1/2

[Event "Troll Masters"]
[Site "Gausdal"]
[Date "1991.??.??"]
[Round "3"]
[White "Groenn, Atle"]
[Black "Kristensen, Bjarke"]
[Result "1/2-1/2"]
[WhiteElo "2365"]
[BlackElo "2375"]

1.Nf3 d5 2.c4 e6 3.g3 Nf6 4.Bg2 g6 5.O-O Bg7 6.d4 O-O 7.Qc2 a5 8.Ne5 Bd7
9.Nc3 Nc6 10.Rd1 Be8 11.Bg5 Ne7 12.Rac1 h6 13.Bxf6 Bxf6 14.cxd5 exd5 15.e4 c5
16.Ng4 Bxd4 17.Nxh6+ Kg7 18.Ng4 dxe4 19.Nxe4 b6 20.Qd2 Rh8 21.Nxc5 bxc5 22.Rxc5 Bxf2+
23.Nxf2 Qxd2 24.Rxd2 Ra7 25.Rd8 Bd7 26.Rxh8 Kxh8 27.Nd3 Be6 28.a3 Rd7 29.Bf1 Nf5
30.Rxa5 Ne3 31.Be2 Bf5 32.Kf2 Nc4 33.Ra8+ Kg7 34.b3 Bxd3 35.bxc4 Bxe2 36.Kxe2 Rd4
37.Ra4 Kf6 38.Ke3 Rd1 39.c5 Ke5 40.Rc4 Kd5 41.Rc3 Kc6 42.Kf4 f6 43.Rc4 Rd2
44.h4 Rd3 45.a4 Ra3 46.Kg4 Re3 47.Rf4 f5+ 48.Kh3 Re5 49.Rc4 Re3 50.Kg2 Kd5
51.Kf2 Re7 52.Rc2 Kc6 53.Re2 Ra7 54.Re6+ Kxc5 55.Rxg6 Kd5 56.h5 Rxa4 57.h6 Ra7
58.Kg2 Ke5 59.Rb6 Rf7 60.Kh3 f4 61.Rb5+ Kf6 62.g4 Kg6 63.g5 Kh5 64.Kg2 f3+
65.Kf2 Kg6 66.Rc5 Rf8  1/2-1/2

[Event "Gausdal Int"]
[Site "Gausdal"]
[Date "1991.??.??"]
[Round "4"]
[White "Ilinsky, Vladimir"]
[Black "Lev, Ronen"]
[Result "1-0"]
[WhiteElo "2350"]
[BlackElo "2425"]

1.Nf3 d5 2.c4 d4 3.b4 f6 4.e3 e5 5.Qb3 a5 6.c5 axb4 7.Bc4 Nh6 8.O-O Bxc5
9.exd4 Bxd4 10.Nxd4 Qxd4 11.Bb2 Qd6 12.d4 e4 13.Nd2 Bf5 14.Nxe4 Bxe4 15.Rae1 Nc6
16.Rxe4+ Kd8 17.Re6 Qd7 18.Rfe1 Nf5 19.Qf3 Nd6 20.Rxf6 Ne7 21.Rfe6 Ng6 22.Bb3 Rf8
23.Qg3 Ra5 24.d5 Kc8 25.Qg5 Kb8 26.g3 Rf7 27.Qd2 Qb5 28.h4 Nc4 29.Re8+ Ka7
30.Qd4+ Nb6 31.h5 Nf8 32.R8e7 Rf5 33.Rxc7 Nd7 34.Re7 Kb8 35.d6 Nc5 36.Qxg7 Qd3
37.Rxb7+ Nxb7 38.Rxb7+ Ka8 39.Rc7 Qf3 40.Qh8+ Rf8 41.Rf7 Qxf7 42.Bxf7 Rxh8
43.Bxh8 Kb7 44.h6 Kc6 45.Bg7 Ra8 46.g4 Nc8 47.g5 Nxd6 48.g6 hxg6 49.Be6 Ne4
50.f4 Kd6 51.Bb3 g5 52.h7 gxf4 53.Bg8  1-0

[Event "Peer Gynt"]
[Site "Gausdal"]
[Date "1991.??.??"]
[Round "8"]
[White "Kochyev, Alexander"]
[Black "Kaidanov, Grigory S"]
[Result "1/2-1/2"]
[WhiteElo "2485"]
[BlackElo "2555"]

1.Nf3 d5 2.c4 e6 3.d4 Nf6 4.g3 dxc4 5.Qa4+ Nbd7 6.Bg2 a6 7.Nc3 Rb8 8.Qxc4 b5
9.Qd3 Bb7 10.O-O c5 11.dxc5 Bxc5 12.Bf4 Rc8 13.Bd6 Qb6 14.Rad1 Nd5 15.Bxc5 Nxc5
16.Nxd5 Bxd5 17.Qd4 O-O 18.a3 Na4 19.Rd2 Qb8 20.Qe5 Qxe5 21.Nxe5 Bxg2 22.Kxg2 f6
23.Nd3 Rfd8 24.Rfd1 Kf8 25.Nb4 Rxd2 26.Rxd2 a5 27.Nd3 Ke7 28.f4 Nb6 29.Kf2 a4
30.Nb4 Nc4 31.Rc2 Kd6 32.Rc3 Ra8 33.Rc2 e5 34.Na2 e4 35.Nc3 e3+ 36.Kf3 Kc5
37.Nd1 Re8 38.Rc3 b4 39.axb4+ Kxb4 40.Rd3 f5 41.Rd7 Kb3 42.Rb7+ Kc2 43.Rc7 Kxd1
44.Rxc4 Re4 45.Rc5 Rb4 46.Rxf5 Kc1 47.Rf7 g6 48.Rxh7 Kxb2 49.Rh6 a3 50.Rxg6 Ra4
51.Rb6+ Kc2 52.Rc6+ Kb2 53.Rb6+ Kc2 54.Rc6+  1/2-1/2

[Event "Gausdal Int"]
[Site "Gausdal"]
[Date "1991.??.??"]
[Round "9"]
[White "Efimov, Igor"]
[Black "Skogen, Sverre"]
[Result "1-0"]
[WhiteElo "2460"]
[BlackElo "2225"]

1.Nf3 d5 2.c4 e6 3.d4 Nf6 4.Nc3 Bb4 5.g3 O-O 6.Qb3 Nc6 7.Bg2 dxc4 8.Qxc4 Qd5
9.Qd3 Qe4 10.Qd2 Rd8 11.Nxe4 Nxe4 12.Qxb4 Nxb4 13.O-O a5 14.a3 Nd5 15.Ne5 Ndf6
16.Be3 Rd5 17.Rac1 c6 18.g4 h6 19.h4 g5 20.hxg5 hxg5 21.f3 Nd6 22.Bxg5 Nd7
23.Kf2 Nxe5 24.dxe5 Rxe5 25.Bf6  1-0

[Event "BL qual"]
[Site "Germany"]
[Date "1991.??.??"]
[Round "?"]
[White "Rother, Christoph"]
[Black "Sonntag, Hans Hubert"]
[Result "1/2-1/2"]
[WhiteElo "2310"]
[BlackElo "2375"]

1.Nf3 d5 2.c4 e6 3.d4 Nf6 4.Nc3 Be7 5.Bg5 O-O 6.e3 Nbd7 7.Bd3 dxc4 8.Bxc4 c5
9.O-O cxd4 10.Nxd4 Nb6 11.Bb3 Nbd5 12.Nxd5 Nxd5 13.Bxe7 Nxe7 14.Rc1 Bd7 15.f4 Qb6
16.Qd2 Rad8 17.Rfd1  1/2-1/2

[Event "BL qual"]
[Site "Germany"]
[Date "1991.??.??"]
[Round "?"]
[White "Votruba, Pavel"]
[Black "Troltenier, Dirk"]
[Result "1-0"]
[WhiteElo "2350"]
[BlackElo "2250"]

1.Nf3 d5 2.c4 e6 3.b3 c5 4.Bb2 Nc6 5.cxd5 exd5 6.e3 Nf6 7.Be2 Bd6 8.O-O O-O
9.d4 cxd4 10.Nxd4 Re8 11.Nd2 a6 12.N2f3 Bc7 13.Rc1 Qd6 14.Qc2 Bg4 15.g3 Nxd4
16.Nxd4 Bxe2 17.Qxe2 Qd7 18.Nf3 Ne4 19.Rfd1 Bb6 20.Nd4 Rac8 21.Qf3 Rxc1 22.Rxc1 Bxd4
23.Bxd4 Rc8 24.Rxc8+ Qxc8 25.Qe2 h5 26.Kg2 Qf5 27.Qf3 Qg6 28.Qe2 h4 29.f3 Ng5
30.g4 Qb1 31.h3 Nxh3 32.Kxh3 Qh1+ 33.Qh2 Qxf3+ 34.Kxh4 f6 35.g5 f5 36.Qb8+ Kh7
37.g6+ Kxg6 38.Qg3+ Qxg3+ 39.Kxg3 Kf7 40.Kf4  1-0

[Event "BL2-N9091"]
[Site "Germany"]
[Date "1991.??.??"]
[Round "?"]
[White "Sahlender, Frank"]
[Black "Sprotte, Norbert"]
[Result "1-0"]
[WhiteElo "2300"]
[BlackElo "2265"]

1.Nf3 d5 2.c4 d4 3.g3 Nc6 4.Bg2 e5 5.d3 Nf6 6.O-O a5 7.Na3 Be7 8.Nc2 a4 9.Bd2 O-O
10.b4 axb3 11.axb3 Rxa1 12.Qxa1 Ne8 13.b4 f6 14.Qa8 Qd7 15.Ra1 Nd8 16.b5 c6
17.b6 c5 18.Na3 Nd6 19.Qa5 Ne6 20.Bc1 Kh8 21.Nd2 f5 22.Nb3 Nf7 23.Nb5 e4
24.Nc7 Nxc7 25.bxc7 Qc6 26.Nd2 Nd6 27.Rb1 Bd7 28.Ba3 Nc8 29.Qa8 Nd6 30.Qa7 Nc8
31.Qxb7 Qa4 32.Qb3 Qa5 33.Qa2 e3 34.fxe3 dxe3 35.Nf1 Qxc7 36.Nxe3 Bf6 37.Nd5 Qa5
38.e3 Re8 39.Nxf6 gxf6 40.Qb2 Kg7 41.Qc1 Nb6 42.Bb2 Na4 43.Ba1 Kg6 44.h4 Qc7
45.Kh2 Bc6 46.Bh3 Qd6 47.Qd2 Be4 48.Rd1 Bf3 49.Rf1 Be4 50.Bxf5+ Bxf5 51.h5+ Kf7
52.Rxf5 Re6 53.e4 Nb6 54.Qe3 Nd7 55.Rd5 Qc7 56.Qh6 Kg8 57.Rg5+ Kh8 58.Qg7+  1-0

[Event "NRW-Liga II 9091"]
[Site "Germany"]
[Date "1991.??.??"]
[Round "?"]
[White "Hollermann, Thomas"]
[Black "Dorner, Matthias"]
[Result "1/2-1/2"]
[WhiteElo "2265"]
[BlackElo "2305"]

1.Nf3 d5 2.c4 c6 3.g3 Nf6 4.Bg2 Bf5 5.cxd5 cxd5 6.Qb3 Qc8 7.Nc3 e6 8.d3 Nc6
9.Bf4 Be7 10.Rc1 O-O 11.O-O Qd7 12.Nb5 Rac8 13.Nbd4 Nxd4 14.Nxd4 Bg4 15.h3 Bh5
16.g4 Bg6 17.Nf3 Rxc1 18.Rxc1 Rc8 19.Rc3 Rxc3 20.Qxc3 Ne8 21.Ne5 Qd8 22.Qb3 Nd6
23.Qa4 a6 24.Qd7 Qxd7 25.Nxd7 Nb5 26.Be3 f6 27.a4 Nd6 28.Nc5 Bf7 29.f4 Bd8
30.Kf2 Kf8 31.Bd4 b5 32.Nxa6 bxa4 33.Bc5 Be7 34.Ke1 Nb5  1/2-1/2

[Event "BL2-W9091"]
[Site "Germany"]
[Date "1991.??.??"]
[Round "?"]
[White "Meyer, Peter"]
[Black "Schulz, Klaus Juergen"]
[Result "0-1"]
[WhiteElo "2330"]
[BlackElo "2390"]

1.Nf3 d5 2.c4 dxc4 3.Na3 Nf6 4.Nxc4 e6 5.g3 Be7 6.Bg2 O-O 7.O-O c5 8.Nfe5 Nd5
9.Qb3 f6 10.Nf3 Nc6 11.Rd1 Nc7 12.d3 Kh8 13.Bd2 e5 14.Na5 Nxa5 15.Bxa5 b6
16.Bc3 Qe8 17.Qc2 Be6 18.b4 cxb4 19.Bxb4 Bxb4 20.Qxc7 Rf7 21.Qc1 Rc8 22.Qe3 Rfc7
23.a3 Bc3 24.Rac1 Qa4 25.h4 Bb2 26.Rb1 Qxa3 27.d4 Qxe3 28.fxe3 Bc3 29.d5 Bf5
30.Rbc1 Bd2 31.Ra1 Bxe3+ 32.Kh2 a5 33.Ra3 Bc5 34.Ra2 Kg8 35.Nd2 Kf8 36.e4 Bd7
37.Nf3 Bb4 38.Rf1 Ke7 39.Rff2 h5 40.Rfb2 Kd6 41.Rxb4 axb4  0-1

[Event "BL2-W9091"]
[Site "Germany"]
[Date "1991.??.??"]
[Round "?"]
[White "Moehring, Guenther"]
[Black "Schmidt, Bodo"]
[Result "0-1"]
[WhiteElo "2365"]
[BlackElo "2345"]

1.Nf3 d5 2.c4 c6 3.d4 Nf6 4.e3 e6 5.Nbd2 Nbd7 6.b3 Be7 7.Bb2 O-O 8.Bd3 c5
9.O-O cxd4 10.exd4 b6 11.Ne5 Bb7 12.Qe2 dxc4 13.bxc4 Nxe5 14.dxe5 Nd7 15.Ne4 Bxe4
16.Bxe4 Rc8 17.Rfd1 g6 18.Bb7 Rc7 19.Ba6 Qa8 20.Bd4 Rd8 21.a4 Nc5 22.Bxc5 Bxc5
23.Rd3 Rcd7 24.Rad1 Rxd3 25.Rxd3 Qb8 26.Rxd8+ Qxd8 27.g3 Qd4 28.Kg2 h5 29.h4 Qa1
30.Bb5 Bd4 31.f4 Qg1+ 32.Kf3 Qh1+ 33.Qg2 Qb1 34.Qd2 Qf1+ 35.Ke4 Bc5 36.Qd3 Qxd3+
37.Kxd3 Bf2 38.a5 bxa5 39.Ke4 Bxg3 40.c5 Bxh4  0-1

[Event "BL2-W9091"]
[Site "Germany"]
[Date "1991.??.??"]
[Round "?"]
[White "Rosen, Bernd"]
[Black "Backwinkel, Paul"]
[Result "0-1"]
[WhiteElo "2290"]
[BlackElo "2355"]

1.Nf3 d5 2.c4 e6 3.g3 c6 4.b3 b5 5.Bg2 Nd7 6.O-O Ngf6 7.d3 Bb7 8.Nbd2 Be7
9.e4 O-O 10.Qe2 bxc4 11.dxc4 a5 12.Rd1 a4 13.Bb2 axb3 14.axb3 Qb6 15.exd5 cxd5
16.Ne5 Nc5 17.Bd4 Qb4 18.Bxc5 Bxc5 19.Nd3 Qb6 20.Nxc5 Qxc5 21.Nf1 Qc7 22.Ne3 dxc4
23.Qxc4 Qe7 24.Rxa8 Rxa8 25.Qb5 Bxg2 26.Kxg2 h6 27.Qc6 Ra2 28.Rc1 Qb4 29.Qc4 Qb7+
30.Kg1 Qf3 31.Nd1 Rd2 32.Qf1 Qxb3 33.Nc3 Qb2 34.h3 Rxf2  0-1

[Event "Anadalucia-chT"]
[Site "Granada"]
[Date "1991.??.??"]
[Round "3"]
[White "Galvez Extremera, Francisco"]
[Black "Yanez, F."]
[Result "1-0"]
[WhiteElo "2100"]
[BlackElo "2195"]

1.Nf3 d5 2.c4 e6 3.d4 Nf6 4.Nc3 Be7 5.Bg5 c6 6.e3 Nbd7 7.cxd5 exd5 8.Bd3 O-O
9.Qc2 Re8 10.O-O Nf8 11.Bxf6 Bxf6 12.b4 Qd6 13.Rab1 Bd8 14.Rfc1 Re6 15.b5 Rh6
16.bxc6 bxc6 17.Ne2 Bd7 18.Ng3 Qf6 19.Bf5 Bb6 20.Ne5 Qd8 21.Bxd7 Nxd7 22.Nf5 Re6
23.Nxc6 Qf6 24.Nb4 g6 25.Ng3 Rd6 26.Qb3 Qe6 27.Ne2 Nf6 28.Nf4 Qf5 29.Rc6 Rad8
30.Rxd6 Rxd6 31.Qd3 Qd7 32.Rc1 Qa4 33.Qb3 Qd7 34.Qc2 Qb5 35.Nbd3 Ne4 36.f3 Nf6
37.Ne5 Qb4 38.Nfd3 Qa3 39.Qc8+ Rd8 40.Qb7 Nd7 41.Rc8 Qd6 42.Qc6 Nxe5 43.Nxe5 Qb4
44.Kf2 Qe7 45.g3 f6 46.Ng4  1-0

[Event "Anadalucia-chT"]
[Site "Granada"]
[Date "1991.??.??"]
[Round "3"]
[White "Galvez Extremera, Francisco"]
[Black "Yanez, F."]
[Result "1-0"]
[WhiteElo "2100"]
[BlackElo "2195"]

1.Nf3 d5 2.c4 e6 3.d4 Nf6 4.Nc3 Be7 5.Bg5 c6 6.e3 Nbd7 7.cxd5 exd5 8.Bd3 O-O
9.Qc2 Re8 10.O-O Nf8 11.Bxf6 Bxf6 12.b4 Qd6 13.Rab1 Bd8 14.Rfc1 Re6 15.b5 Rh6
16.bxc6 bxc6 17.Ne2 Bd7 18.Ng3 Qf6 19.Bf5 Bb6 20.Ne5 Qd8 21.Bxd7 Nxd7 22.Nf5 Re6
23.Nxc6 Qf6 24.Nb4 g6 25.Ng3 Rd6 26.Qb3 Qe6 27.Ne2 Nf6 28.Nf4 Qf5 29.Rc6 Rad8
30.Rxd6 Rxd6 31.Qd3 Qd7 32.Rc1 Qa4 33.Qb3 Qd7 34.Qc2 Qb5 35.Nbd3 Ne4 36.f3 Nf6
37.Ne5 Qb4 38.Nfd3 Qa3 39.Qc8+ Rd8 40.Qb7 Nd7 41.Re1 Qd6 42.Qc6 Nxe5 43.Nxe5 Qb4
44.Re2 Qe7 45.g3 f6 46.Ng4 Bxd4 47.exd4 Qxe2 48.Qxf6 h5 49.Qxd8+ Kh7 50.Qc7+ Kh8
51.Qe5+  1-0

[Event "Graz zt (Women)"]
[Site "Graz"]
[Date "1991.??.??"]
[Round "?"]
[White "Lematschko, Tatjana"]
[Black "Kas Fromm, Rita"]
[Result "1-0"]
[WhiteElo "2290"]
[BlackElo "2260"]

1.Nf3 d5 2.c4 e6 3.g3 Nf6 4.Bg2 Be7 5.O-O O-O 6.d4 dxc4 7.Ne5 Nc6 8.Bxc6 bxc6
9.Nxc6 Qe8 10.Nxe7+ Qxe7 11.Nd2 e5 12.dxe5 Qxe5 13.Nxc4 Qh5 14.Ne3 Bh3 15.Re1 Rfe8
16.Qc2 Rad8 17.f3 Qa5 18.Kf2 Qb6 19.Qb3 Qc5 20.Qc4 Qb6 21.a4 Rd4 22.Qb5 Qe6
23.Ra3 a6 24.Qb3 Qd7 25.Rd1 c5 26.Re1 h5 27.Qb6 Rd6 28.Qxc5 Rc6 29.Qb4 Qa7
30.Rd1 Rec8 31.Rc3 Rxc3 32.bxc3 Be6 33.Qd4 Qc7 34.Bb2 Rb8 35.Ba3 Qb7 36.Bd6  1-0

[Event "Groningen op"]
[Site "Groningen"]
[Date "1991.??.??"]
[Round "8"]
[White "Pomes Marcet, Juan"]
[Black "Vaisser, Anatoli"]
[Result "1/2-1/2"]
[WhiteElo "2410"]
[BlackElo "2565"]

1.Nf3 d5 2.c4 e6 3.b3 Nf6 4.Bb2 a5 5.Nc3 c6 6.d4 a4 7.e3 Qa5 8.Rc1 Ne4 9.Bd3 axb3
10.axb3 Ba3 11.Qc2 Na6 12.Bxa3 Qxa3 13.O-O Nb4 14.Qb1 Nxd3 15.Qxd3 Qxb3 16.Ne5 Ra3
17.Nxe4 Qxd3 18.Nxd3 Rxd3 19.Nd6+ Ke7 20.c5 b6 21.Nxc8+ Rxc8 22.cxb6 Rb3
23.Rb1 Rxb1 24.Rxb1 Rb8 25.g4 Kd7 26.Ra1 Rxb6 27.Ra7+ Ke8 28.g5 g6 29.Rc7 Rb1+
30.Kg2 Rc1 31.h4 Kf8 32.Kh2 Rc4 33.Kg3 Kg8 34.Rc8+ Kg7 35.Kh3 h5 36.Kg3 Rc1
37.Kg2 Rc2 38.Kf3 Rc3 39.Kg2 Rc1 40.Kh2 Rc3 41.Kg2  1/2-1/2

[Event "Hajduszoboszlo zt-f (Women)"]
[Site "Hajduszoboszlo"]
[Date "1991.??.??"]
[Round "4"]
[White "Nutu Gajic, Dana"]
[Black "Koen, Maja"]
[Result "1/2-1/2"]
[WhiteElo "2295"]
[BlackElo "2215"]

1.Nf3 d5 2.c4 e6 3.g3 g6 4.Bg2 Bg7 5.O-O Ne7 6.d4 Nbc6 7.cxd5 exd5 8.Nc3 O-O
9.Bf4 Be6 10.Rc1 Nf5 11.e3 h6 12.g4 Nd6 13.Nd2 Ne8 14.Nb3 b6 15.Nb5 Qd7 16.h3 a6
17.Nxc7 Nxc7 18.Qc2 Nxd4 19.exd4 Nb5 20.Qc6 Qxc6 21.Rxc6 Nxd4 22.Nxd4 Bxd4
23.Rd1 Bxb2 24.Bxh6 Rfb8 25.Bf4 Rb7 26.Rb1 Bd4 27.Rb4 Bf6 28.Rbxb6 Rxb6 29.Rxb6 Bd4
30.Rc6 a5 31.a4 Rd8 32.Bd2 Rb8 33.Be3 Rb1+ 34.Bf1 Bxe3 35.fxe3 Ra1 36.Rc5 Rxa4
37.Bg2 d4  1/2-1/2

[Event "Hajduszoboszlo zt (Women)"]
[Site "Hajduszoboszlo"]
[Date "1991.??.??"]
[Round "7"]
[White "Nutu Gajic, Dana"]
[Black "Koen, Maja"]
[Result "1/2-1/2"]
[WhiteElo "2295"]
[BlackElo "2215"]

1.Nf3 d5 2.c4 e6 3.g3 g6 4.Bg2 Bg7 5.O-O Ne7 6.cxd5 exd5 7.d4 Nbc6 8.Nc3 O-O
9.Bf4 Be6 10.Rc1 a6 11.Na4 Nf5 12.Nc5 Nfxd4 13.Nxd4 Nxd4 14.Nxb7 Qb8 15.Rxc7 g5
16.Rxf7 Rxf7 17.Bxb8 Rxb7 18.e3 Raxb8 19.exd4 Rxb2 20.Qa4 R2b6 21.h3 Bf7
22.Rd1 Bf6 23.Qa5 Rb1 24.Rxb1 Rxb1+ 25.Kh2 Kg7 26.Qc7 Rb2 27.Bxd5 Rxf2+ 28.Kh1 Bxd4
29.Bxf7 Rf1+ 30.Kg2 Rf2+  1/2-1/2

[Event "Hania op"]
[Site "Hania"]
[Date "1991.??.??"]
[Round "6"]
[White "Karkanaque, Ilir"]
[Black "Velikov, Petar"]
[Result "1/2-1/2"]
[WhiteElo "2385"]
[BlackElo "2425"]

1.Nf3 d5 2.c4 dxc4 3.Na3 c5 4.g3 Be6 5.Bg2 Bd5 6.Qc2 Nc6 7.Nxc4 Nd4 8.Nxd4 Bxg2
9.Qa4+ Qd7 10.Qxd7+ Kxd7 11.Ne5+ Ke8 12.Rg1 cxd4 13.Rxg2 f6 14.Nc4 e6 15.d3 Kd7
16.Bd2 Ne7 17.Rc1 Rc8 18.Kd1 h5 19.h3 Nd5 20.Na5 Rxc1+ 21.Kxc1 b6 22.Nc4 g5
23.Rh2 h4 24.g4 b5 25.Na5 Bb4 26.Bxb4 Rc8+ 27.Kd1 Nxb4 28.a3 Nd5 29.Nb3 e5
30.Kd2 Nb6 31.Rh1 Na4 32.Rb1 Kd6 33.e3 dxe3+ 34.fxe3 Kc6 35.e4 Nb6 36.Nc1 Nd7
37.Ne2 Nc5 38.Nc3 Nb3+ 39.Ke3 Nd4 40.Rf1  1/2-1/2

[Event "Hania op"]
[Site "Hania"]
[Date "1991.??.??"]
[Round "8"]
[White "Velikov, Petar"]
[Black "Seitaj, Ilir"]
[Result "1/2-1/2"]
[WhiteElo "2425"]
[BlackElo "2395"]

1.Nf3 d5 2.c4 c6 3.d4 e6 4.Qc2 f5 5.Bf4 Nf6 6.e3 Be7 7.Nc3 O-O 8.Bd3 Ne4
9.h3 Kh8 10.g4 Qa5 11.Ke2 Nd7 12.cxd5 exd5 13.gxf5 Ndf6 14.Ng5 Bxf5 15.f3 Nxc3+
16.bxc3 Nh5 17.Bxf5 Bxg5 18.Be5 c5 19.Rhf1 Qa6+ 20.Kf2 Qh6 21.f4 Bf6  1/2-1/2

[Event "Hartberg op"]
[Site "Hartberg"]
[Date "1991.??.??"]
[Round "4"]
[White "Barbero, Gerardo F"]
[Black "Rosandic, Denis"]
[Result "1-0"]
[WhiteElo "2495"]
[BlackElo "2285"]

1.Nf3 d5 2.c4 e6 3.g3 Nf6 4.b3 d4 5.e3 c5 6.exd4 cxd4 7.Bg2 Nc6 8.O-O Bc5
9.d3 O-O 10.Re1 Re8 11.a3 a5 12.Nbd2 h6 13.Ne5 Nxe5 14.Rxe5 Nd7 15.Re1 Nb8
16.Ne4 Bf8 17.g4 Be7 18.f4 Bd7 19.g5 f5 20.gxf6 Bxf6 21.Qh5 Bc6 22.Bd2 Nd7
23.Nd6 Re7 24.Nxb7 Qb6 25.Bxc6 Qxc6 26.Nxa5 Qc7 27.b4 e5 28.Qf3 Rae8 29.Qc6 Qb8
30.Qd5+ Kh8 31.Nc6  1-0

[Event "Helsingborg-A"]
[Site "Helsingborg"]
[Date "1991.??.??"]
[Round "?"]
[White "Ekelund, Peter"]
[Black "Nordstrom, Felix"]
[Result "0-1"]
[WhiteElo "2310"]
[BlackElo "2225"]

1.Nf3 d5 2.c4 c6 3.b3 Bf5 4.Bb2 e6 5.g3 Nf6 6.Bg2 Nbd7 7.O-O h6 8.d4 Bd6
9.Nbd2 O-O 10.Ne5 Qe7 11.Ndf3 Be4 12.Nd3 a5 13.a3 b5 14.Nfe5 Rfc8 15.f3 Bh7
16.e4 bxc4 17.bxc4 dxe4 18.fxe4 Bxe5 19.Nxe5 Nxe5 20.dxe5 Nxe4 21.Qe2 Nc5
22.Rad1 Rab8 23.Rd6 Bd3 24.Qd2 Bxf1 25.Kxf1 Qb7 26.Bc3 Qb1+ 27.Kf2 Ne4+ 28.Bxe4 Qxe4
29.Rd4 Qxe5 30.Rf4 Qc5+ 31.Bd4 Rd8 32.Qe3 Qg5 33.h4 Qg6 34.Qe2 f5 35.c5 Qf7
36.g4 Rb7 37.Qe5 Rbd7 38.gxf5 exf5 39.Rxf5 Qxf5+ 40.Qxf5 Rf7  0-1

[Event "HUN-chT"]
[Site "HUN"]
[Date "1991.??.??"]
[Round "?"]
[White "Adok, Janos"]
[Black "Toth, Janos"]
[Result "1-0"]
[WhiteElo "2230"]
[BlackElo "2285"]

1.Nf3 d5 2.c4 e6 3.d4 Nf6 4.Nc3 Be7 5.Bg5 O-O 6.e3 Nbd7 7.Bd3 b6 8.cxd5 exd5
9.Qc2 Bb7 10.O-O Ne4 11.Bf4 Ndf6 12.Ne5 c5 13.f3 cxd4 14.exd4 Nxc3 15.bxc3 g6
16.Bh6 Rc8 17.Bxf8 Bxf8 18.Qb3 Nh5 19.g3 Qc7 20.c4 f6 21.cxd5 Kg7 22.Rac1 Qd6
23.Rxc8 Bxc8 24.f4 g5 25.Qc2 Bh3 26.Bxh7 fxe5 27.fxe5 Qh6 28.Qc7+ Kh8 29.Qf7 Qg7
30.Qxh5 Bxf1 31.Bf5+ Qh6 32.Qxh6+ Bxh6 33.Kxf1 Bf8 34.d6  1-0

[Event "HUN-chT"]
[Site "HUN"]
[Date "1991.??.??"]
[Round "?"]
[White "Karsa, Laszlo"]
[Black "Forgacs, Jozsef"]
[Result "1/2-1/2"]
[WhiteElo "2400"]
[BlackElo "2305"]

1.Nf3 d5 2.c4 e6 3.e3 c6 4.b3 Bd6 5.Bb2 Nf6 6.Nc3 O-O 7.d4 Qe7 8.Qc2 Nbd7
9.Bd3 e5 10.dxe5 Nxe5 11.Nxe5 Bxe5 12.cxd5 cxd5 13.Nb5 Bd7 14.Bxe5 Bxb5 15.Bxf6 Qxf6
16.O-O Rac8 17.Qd2 Bc6 18.Be2 Rcd8 19.Qd4 Qxd4 20.exd4 Rfe8 21.Bd3 Bd7 22.Rfe1 Rxe1+
23.Rxe1 Kf8 24.f3 Re8 25.Rd1 Ke7 26.Kf2 Kf6 27.h4 Bf5 28.Bxf5 Kxf5 29.Rc1 Re7
30.Rc8 h5 31.Ra8 a6 32.Rd8 Ke6 33.Ke3 Rc7 34.Kd2 g6 35.a4 Rc6 36.Rb8 Rc7
37.Kd3 a5 38.Ra8 b6 39.Rb8 Rc6 40.Rb7 Kf6 41.Kd2 Ke6 42.Rb8 Kf5 43.Rd8 Kf4
44.Rxd5 f6 45.Rd8 Kg3 46.Rg8 Kxg2 47.Rxg6+ Kxf3 48.Kd3 Rd6 49.Rg1 Kf2 50.Rg8 Kf3
51.Kc4 f5 52.d5 f4 53.Kd4 Ke2 54.Re8+ Kf2 55.Ke5 Rd7 56.d6 Kg3 57.Ke6 Rg7
58.d7 Rxd7 59.Kxd7 Kxh4 60.Kc6 f3 61.Kxb6 f2 62.Rf8 Kg3 63.Rg8+ Kh2 64.Rf8 Kg2
65.Rg8+ Kh2 66.Rf8 Kg2  1/2-1/2

[Event "HUN-chT"]
[Site "HUN"]
[Date "1991.??.??"]
[Round "?"]
[White "Hever, Miklos"]
[Black "Orso, Miklos"]
[Result "1/2-1/2"]
[WhiteElo "2330"]
[BlackElo "2400"]

1.Nf3 d5 2.c4 c6 3.g3 Nf6 4.Bg2 Bg4 5.Qb3 Qb6 6.Ne5 Be6 7.d3 dxc4 8.dxc4 Qa5+
9.Nc3 Qa6 10.Qa4 Qxa4 11.Nxa4 Nbd7 12.Nxd7 Nxd7 13.b3 Bg4 14.h3 Bh5 15.g4 Bg6
16.f4 f5 17.gxf5 Bxf5 18.e4 Bg6 19.f5 Bf7 20.Bb2 e6 21.O-O-O O-O-O 22.h4 exf5
23.exf5 Bh5 24.Rd3 Nf6 25.Rxd8+ Kxd8 26.Bd4 Ba3+ 27.Kb1 Re8 28.Bxa7 Re2 29.Bb6+ Ke8
30.Rg1 Bg4 31.Bc5 Bxf5+ 32.Ka1 Bxc5 33.Nxc5 Bc8 34.a4 Kf7 35.a5 Nd7 36.Ne4 Ke7
37.Bf3 Re3 38.Rxg7+ Kf8 39.Rxh7 Rxf3 40.Rh8+ Ke7 41.Rxc8 Rxb3 42.Rc7 Ra3+
43.Kb2 Rxa5 44.Rxb7 Re5 45.Ng5 Re2+ 46.Kc3 Rh2 47.Ne4 Ke6 48.h5 Ne5 49.Rh7 Rh4
50.Rh6+ Kf5 51.Nd6+ Kg5 52.Re6 Nxc4  1/2-1/2

[Event "HUN-chT"]
[Site "HUN"]
[Date "1991.??.??"]
[Round "?"]
[White "Doleschall, Gyorgy"]
[Black "Kaposztas, Miklos"]
[Result "1/2-1/2"]
[WhiteElo "2270"]
[BlackElo "2315"]

1.Nf3 d5 2.c4 e6 3.d4 Nf6 4.Nc3 Be7 5.Bg5 O-O 6.e3 c6 7.Rc1 Nbd7 8.Bd3 dxc4
9.Bxc4 Nd5 10.Bxe7 Qxe7 11.O-O Nxc3 12.Rxc3 e5 13.dxe5 Nxe5 14.Nxe5 Qxe5
15.f4 Qe4  1/2-1/2

[Event "HUN-chT"]
[Site "HUN"]
[Date "1991.??.??"]
[Round "?"]
[White "Horvath, Gyula"]
[Black "Lukacs, Peter"]
[Result "0-1"]
[WhiteElo "2420"]
[BlackElo "2460"]

1.Nf3 d5 2.c4 e6 3.g3 dxc4 4.Qa4+ Nd7 5.Qxc4 b6 6.Bg2 Bb7 7.O-O Ngf6 8.d4 Be7
9.Bf4 c5 10.dxc5 Nxc5 11.Qc2 O-O 12.Nc3 Rc8 13.Rfd1 Qe8 14.Rac1 Nce4 15.Ng5 Nxc3
16.Bxb7 Nxd1 17.Bxc8 Nxf2 18.Kxf2 Bc5+ 19.Kg2 Qxc8 20.Be5 Qa8+ 21.Kh3 h6
22.Bxf6 hxg5 23.Bxg5 Qd5 24.Qd2 Qf5+ 25.g4 Qe4 26.Rf1 f6 27.Bh4 g5 28.Bg3 Kg7
29.Qd7+ Kg6 30.Rf3 Rh8+  0-1

[Event "HUN-ch"]
[Site "HUN"]
[Date "1991.??.??"]
[Round "4"]
[White "Polgar, Zsuzsa"]
[Black "Lukacs, Peter"]
[Result "1-0"]
[WhiteElo "2535"]
[BlackElo "2500"]

1.Nf3 d5 2.c4 e6 3.g3 Nf6 4.Bg2 Be7 5.O-O O-O 6.b3 c5 7.cxd5 Nxd5 8.Bb2 Nc6
9.Nc3 Bf6 10.Qc2 b6 11.Nxd5 exd5 12.d4 Nxd4 13.Nxd4 cxd4 14.Rad1 Be6 15.Bxd4 Rc8
16.Qb2 Bxd4 17.Rxd4 Rc5 18.Rfd1 Qf6 19.Qd2 Rfc8 20.Bxd5 Rc2 21.Qd3 Rxa2 22.Bxe6 fxe6
23.Re4 Re8 24.Qd7 Qe7 25.Qc6 Ra5 26.Rd7 Qf8 27.Rxe6 Rc8 28.Qb7 Rc1+ 29.Kg2 Rf5
30.f3 Rf7 31.Rxf7  1-0

[Event "Katowice op"]
[Site "Katowice"]
[Date "1991.??.??"]
[Round "2"]
[White "Panchenko, Alexander N"]
[Black "Grabarczyk, Miroslaw"]
[Result "1-0"]
[WhiteElo "2445"]
[BlackElo "2275"]

1.Nf3 d5 2.c4 e6 3.g3 Nf6 4.Bg2 d4 5.e3 Nc6 6.exd4 Nxd4 7.O-O Be7 8.d3 O-O
9.Nc3 Nxf3+ 10.Bxf3 e5 11.Re1 Bd6 12.Be3 c6 13.d4 Bf5 14.d5 cxd5 15.Nxd5 e4
16.Bg2 Ng4 17.Bd4 Qg5 18.h4 Qd8 19.Bxe4 Qd7 20.Bxf5 Qxf5 21.Qe2 Rfd8 22.Rad1 b6
23.b3 h5 24.Ne3 Nxe3 25.Bxe3 Bb4 26.Rxd8+ Rxd8 27.Rd1 Rxd1+ 28.Qxd1 Bc5 29.Bxc5 bxc5
30.Kg2 g6 31.Qd5 Qc8 32.Kh2 a5 33.Qe5 Kh7 34.Kg1 Kh6 35.Qe7 Qf5 36.Qd8 Qb1+
37.Kg2 Qb2 38.Qf8+  1-0

[Event "Kecskemet"]
[Site "Kecskemet"]
[Date "1991.??.??"]
[Round "6"]
[White "Stajcic, Nikola"]
[Black "Golikov, Anatolij"]
[Result "1/2-1/2"]
[WhiteElo "2345"]
[BlackElo "2415"]

1.Nf3 d5 2.c4 c6 3.d4 Nf6 4.Nc3 g6 5.cxd5 Nxd5 6.e4 Nb6 7.h3 Bg7 8.Be3 O-O
9.Qd2 Re8 10.Bh6 Bh8 11.O-O-O e5 12.Bg5 f6 13.Be3 Be6 14.dxe5 Qxd2+ 15.Rxd2 fxe5
16.b3 N8d7 17.Ng5 Nf8 18.Nxe6 Nxe6 19.Bxb6 axb6 20.Bc4 Bf6 21.Rd7 b5 22.Bxe6+ Rxe6
23.Rxb7 Bg5+ 24.Kb2 Rf6 25.f3 Rd6 26.b4 Bd2 27.Nb1 Bxb4 28.Rc1 Ba5 29.Rc5 Re6
30.Rc2 Ra6 31.Nd2 Rd6 32.Nb3 Bb4 33.Rc7 h5 34.Kb1 Rd1+ 35.Nc1 c5 36.Re7 Ba3
37.Rxe5 Kf7 38.Rc3 Bxc1 39.Rxc1 Rxc1+ 40.Kxc1 Rxa2 41.Rxc5 Rxg2 42.Rxb5 Rg3
43.Rb3  1/2-1/2